00995nam a22001815i 4500001000700000003000900007005001700016008004100033040003000074110005000104245035300154250007500507260006300582300004400645610006400689752002400753852003600777166790ES-MaACL20230906213413.0991213s1819 sp af |||| | spa d aCCPB | B bspa cCCPB | B2 aUniversidad y Casa de Contratación (Bilbao)10aOrdenanzas de la Ilustre Universidad y Casa de Contratacion de ... Bilbaob: aprobadas y confirmadas por ... Felipe V en 2 de diciembre de 1737, y D. Fernando VII en 27 de junio de 1814 : con insercion de los reales privilegio, y la provision de 9 de julio de 1818 que contiene las alteraciones hechas a solicitud del mismo consulado y comercio ... aReimp. ... bá costa de la misma Universidad y Casa de Contratacion. aMadrid : b[s.n.], c1819 (fImprenta de Miguel de Burgos) a[4], 395 p., [1] h. de grab. ; c30 cm.24aUniversidad y Casa de Contratación (Bilbao)-vOrdenanzas. aEspaña - dMadrid aES-MaACLjB-9457 z-- Enc. hol.